000 01096cab a2200217 4500
001 ##L133775
008 060609n2006 000 0 eng u
035 _a(Sirsi) u133775
041 0 _aeng
100 1 _aSmith, Kristina
245 0 4 _aThe £60k house
260 _c2006
490 0 _aConstruction Manager
_vJune 2006, 12(1)
520 _aReports on the results of the government's Design for Manufacture competition, in which a number of developers produced designs for affordable houses for key workers for a total construction cost not exceeding £60 000. Concerns are expressed that as this sum does not represent the total sale price, the houses may still be unaffordable by those for whom they were originally designed. In addition, only 30% of the housing on the sites earmarked for development by the government will be of this value.
590 _aIKA200606, KA
650 2 4 _aAffordable housing
_96215
650 2 4 _aDCLG DESIGN FOR MANUFACTURE COMPETITION
651 4 _aEngland
_y886-
690 _aPROPERTY-RESIDENTIAL PROPERTY-RESIDENTIAL PROPERTY DEVELOPMENT
942 _n0
999 _c77200
_d77200